| 000 | 00889nam a22001817a 4500 | ||
|---|---|---|---|
| 003 | OSt | ||
| 005 | 20251215101833.0 | ||
| 008 | 251215b |||||||| |||| 00| 0 eng d | ||
| 040 | _cDCL | ||
| 041 | _aMyanmar | ||
| 082 | _a၂၉၄.၃၈၂၃၅၃ | ||
| 100 | 0 | _aအောင်ညွှန့်ဝင်း။ | |
| 245 | 1 |
_aပုံတော်စုံ နိပါတ်တော်လာငါးရာ့ငါးဆယ်အနှစ်ချုပ် / _cအောင်ညွှန့်ဝင်း။ |
|
| 260 |
_aရန်ကုန် ၊ _bယုံကြည်ချက်စာပေ၊ _c၂၀၀၈။ |
||
| 300 |
_aဠ၊ ၇၅၈ စာမျက်နှာ ၊ _c၂၅ စင်တီ။ |
||
| 650 |
_aငါးရာ့ငါးဆယ်ဇာတ်ဝတ္ထု _vအနှစ်ချုပ်။ |
||
| 942 |
_2ddc _cSHORT TERM _n0 |
||
| 999 |
_c2709 _d2709 |
||